| 000 | 00655ntaaa2200205 4500 | ||
|---|---|---|---|
| 003 | 01 | ||
| 005 | 20251027202308.0 | ||
| 008 | 0714s1973 ag 01 | ||
| 040 |
_aAR-BaBN _bspa _cAR-BaBN _eaacr _dRIC |
||
| 082 | _a278.0000 B47a | ||
| 100 |
_aBidegaín Urán, Ana María de _921516 |
||
| 245 | _aAsí actuaron los cristianos | ||
| 250 | _a1 ed. | ||
| 260 |
_aBogotá : _bCIEC, _c1985 |
||
| 300 |
_a327 (328) p ; _cmaps, figs. : 16,5 cm |
||
| 500 | _aContenidoÑ T.1 (Desde la Edad Media, hasta el siglo XVIII). Contiene notas y referencias bibliográficas | ||
| 650 |
_aAmerica Latina-iglesia _96590 |
||
| 650 | _aAmerica Latina-historia | ||
| 942 | _cBK | ||
| 999 |
_c17748 _d17748 |
||